[Event "Druzynowe Mistrzostwa Polski Juniorow - Ekstraliga Juniorow 2019"]
[Site "DW Globus Ustron Jaszowiec ul. Turystyczna 6"]
[Date "1899-12-30"]
[Round "3.27"]
[White "Dzida, Kamil"]
[Black "Chyzy, Jakub"]
[Result "1-0"]
[WhiteTitle "I++"]
[BlackTitle "k"]
[WhiteElo "1987"]
[BlackElo "2093"]

1. e4 e5 2. Nf3 Nc6 3. Bc4 Bc5 4. d3 Nf6 5. O-O O-O 6. h3 d6 7. c3 a6 8. Bb3 Ba7
9. Nbd2 Ne7 10. Re1 Ng6 11. Nf1 Nh5 12. d4 exd4 13. cxd4 Nhf4 14. Ng3 Qf6 15.
Nh5 Nxh5 16. Bg5 Bxd4 17. Bxf6 Bxf6 18. Rc1 Bd7 19. Rxc7 Bc6 20. Nd4 Bxd4 21.
Qxd4 Nf6 22. Qxd6 Ne8 23. Rxc6 Nxd6 24. Rxd6 b5 25. Rc1 Ra7 26. Rcc6 a5 27. a3
a4 28. Ba2 Re8 29. f3 Kf8 30. Rb6 Rc8 31. Rd2 Rc5 32. Kf2 Rac7 33. Ke3 Ke7 34.
g3 Nf8 35. Rd5 Rc1 36. Rdxb5 Re1+ 37. Kf2 Rcc1 38. Rb7+ Kd6 39. e5+ Rxe5 40. R7b6+
Kc7 41. Rxe5 Kxb6 42. Bxf7 Nd7 43. Re4 Nc5 44. Rb4+ Kc6 45. Ke2 Rc2+ 46. Ke3 Kd6
47. Be8 Rh2 48. Bxa4 Rxh3 49. g4 h5 50. gxh5 Rxh5 51. Bc2 Re5+ 52. Kd2 g5 53.
Rd4+ Kc7 54. b4 Ne6 55. Rc4+ Kb6 56. a4 Nf4 57. Be4 Re6 58. Kc3 Ne2+ 59. Kb3 Rf6
60. a5+ Ka7 61. b5 Kb8 62. Kb4 Ng3 63. Bc6 Nf5 64. b6 Nd6 65. Rd4 Nc8 66. Kc5
Rf5+ 67. Rd5 Rxf3 68. Rd7 Rc3+ 69. Kb5 Rb3+ 70. Ka6 1-0

[Event "Druzynowe Mistrzostwa Polski Juniorow - Ekstraliga Juniorow 2019"]
[Site "DW Globus Ustron Jaszowiec ul. Turystyczna 6"]
[Date "1899-12-30"]
[Round "3.28"]
[White "Czernek, Tymon"]
[Black "Wysocki, Mateusz"]
[Result "1-0"]
[WhiteTitle "I++"]
[BlackTitle "I"]
[WhiteElo "2003"]
[BlackElo "1634"]

1. e4 c5 2. Nf3 e6 3. d4 cxd4 4. Nxd4 a6 5. Bd3 Nf6 6. O-O d6 7. c4 b6 8. Nc3 Bb7
9. f4 Nbd7 10. Qe2 Qc7 11. Kh1 Be7 12. Bd2 O-O 13. Rac1 Rac8 14. b3 Rfd8 15. Bb1
Bf8 16. Be3 Qb8 17. Bf2 Re8 18. Bg3 e5 19. Nf5 exf4 20. Bxf4 Nc5 21. Rcd1 Ncxe4
22. Nxe4 Bxe4 23. Bxe4 Rxe4 24. Qd3 Qb7 25. Bxd6 Rg4 26. Ne3 Rg6 27. Bxf8 Rxf8
28. Rde1 h5 29. Re2 Re8 30. Nf5 Rxe2 31. Qxe2 Rg5 32. Qd2 Rg6 33. Kg1 Qe4 34.
h3 a5 35. Qf2 Rg5 36. h4 Rg6 37. Qf3 Rg4 38. Qxe4 Rxe4 39. Rd1 Ng4 40. Ng3 Re5
41. Rd8+ Kh7 42. Kf1 b5 43. cxb5 Rxb5 44. Rd4 Kg6 45. Ke2 f6 46. Kd2 Ne5 47. Ne2
Kh6 48. Nc3 Rc5 49. Ne4 Rb5 50. Kc3 Nc6 51. Rd6 Ne5 52. a4 Rb4 53. Rd4 Rb6 54.
Rd5 Rb4 55. Nd6 Rxh4 56. Nf5+ Kg5 57. Nxh4 Kxh4 58. Rxa5 Kg3 59. Rxe5 fxe5 60.
a5 e4 61. Kd4 Kf2 62. Kxe4 Kxg2 63. a6 h4 64. a7 h3 65. a8=Q h2 66. Kf4+ Kg1 67.
Kg3 1-0

[Event "Druzynowe Mistrzostwa Polski Juniorow - Ekstraliga Juniorow 2019"]
[Site "DW Globus Ustron Jaszowiec ul. Turystyczna 6"]
[Date "1899-12-30"]
[Round "3.29"]
[White "Raczykowska, Paulina"]
[Black "Swiech, Joanna"]
[Result "0-1"]
[WhiteTitle "k"]
[BlackTitle "k"]
[WhiteElo "1893"]
[BlackElo "1879"]

1. e4 e5 2. Nf3 Nc6 3. Bb5 a6 4. Ba4 Be7 5. O-O b5 6. Bb3 d6 7. Bd5 Bb7 8. Re1
Nf6 9. d4 exd4 10. Nxd4 Qd7 11. Nc3 O-O 12. Nf5 b4 13. Bxc6 Bxc6 14. Nxe7+ Qxe7
15. Nd5 Bxd5 16. exd5 Qd7 17. Qf3 Qb5 18. Rd1 Rfe8 19. Bg5 Ne4 20. Bf4 Qc4 21.
Qd3 Qxd3 22. Rxd3 Nf6 23. h3 h6 24. Kf1 Re4 25. Be3 Rb8 26. Rad1 Rb5 27. g4 Re5
28. Bd4 Rexd5 29. a3 Nd7 30. b3 a5 31. a4 Rb8 32. Re1 c5 33. Re7 Rd8 34. Bb2 Rxd3
35. cxd3 Kf8 36. Re3 f6 37. d4 Kf7 38. f4 Nb6 39. Rd3 c4 40. bxc4 Nxc4 41. Bc1
Nb6 42. f5 Nxa4 43. Bd2 Rc8 44. Rb3 Rc4 45. Ke2 Rxd4 46. Ke3 Rc4 47. Rd3 Ke7 48.
Be1 Nc5 49. Rd5 Re4+ 50. Kf2 a4 51. Kf1 a3 52. Bg3 a2 53. Bxd6+ Ke8 54. Rd1 Nb3
55. Bc7 a1=Q 0-1

[Event "Druzynowe Mistrzostwa Polski Juniorow - Ekstraliga Juniorow 2019"]
[Site "DW Globus Ustron Jaszowiec ul. Turystyczna 6"]
[Date "1899-12-30"]
[Round "3.30"]
[White "Wikar, Martyna"]
[Black "Siekanska, Maria"]
[Result "1-0"]
[WhiteTitle "k+"]
[BlackTitle "I++"]
[WhiteElo "2020"]
[BlackElo "1559"]

1. e4 c5 2. Nf3 e6 3. d4 cxd4 4. Nxd4 Nf6 5. Nc3 d6 6. g4 Nc6 7. g5 Nd7 8. Be3
Be7 9. h4 O-O 10. Qd2 Nde5 11. Be2 Nxd4 12. Bxd4 Nc6 13. Be3 Qa5 14. O-O-O a6
15. h5 b5 16. g6 b4 17. gxh7+ Kxh7 18. Nb1 Bb7 19. Rdg1 Qxa2 20. Bg5 Rfc8 21.
Bxe7 Na5 22. Rxg7+ Kxg7 23. Qg5+ Kh7 24. Bd3 Nb3+ 25. Kd1 Nc5 26. Ke2 Nxd3 27.
cxd3 Qxb2+ 28. Nd2 Qg7 29. Qh4 f5 30. Nf3 Rc2+ 31. Ke3 fxe4 32. Bf6 Qh6+ 33. Ng5+
Kg8 34. Rg1 Kf8 35. Bg7+ Kxg7 36. Qf4 Qxh5 37. Nxe4+ Kh8 38. Qf6+ Kh7 39. Qg7#
1-0

[Event "Druzynowe Mistrzostwa Polski Juniorow - Ekstraliga Juniorow 2019"]
[Site "DW Globus Ustron Jaszowiec ul. Turystyczna 6"]
[Date "1899-12-30"]
[Round "4.1"]
[White "Psyk, Radoslaw"]
[Black "Kozak, Antoni"]
[Result "1/2-1/2"]
[WhiteTitle "k++"]
[BlackTitle "k++"]
[WhiteElo "2311"]
[BlackElo "2365"]

1. e4 g6 2. d4 Bg7 3. Nc3 d5 4. exd5 Nf6 5. Bc4 Nbd7 6. Bb3 Nb6 7. Qf3 Bg4 8. Qg3
Bf5 9. Nf3 Nbxd5 10. Nxd5 Nxd5 11. O-O O-O 12. Qh4 e6 13. Bg5 f6 14. Bd2 a5 15.
a4 Qd6 16. Rfe1 g5 17. Qg3 Qxg3 18. hxg3 Kf7 19. Re2 Rfe8 20. Rae1 c6 21. Nh2
Bf8 22. g4 Bg6 23. g3 h5 24. gxh5 Bxh5 25. f3 Bg6 26. Ng4 Bf5 27. Nf2 b6 28. Kg2
Rad8 29. Ne4 Ra8 30. c4 Nb4 31. Bc3 c5 32. d5 exd5 33. cxd5 Bxe4 34. Rxe4 Rxe4
35. Rxe4 Rd8 36. Re6 Rd6 37. Kf2 Rxe6 38. dxe6+ Ke7 39. Ke3 Nc6 40. Ke4 Nd4 41.
Bxd4 cxd4 42. Kxd4 Kd8 43. Kd5 Bc5 44. f4 gxf4 45. gxf4 Ke7 46. f5 Bg1 47. Bc4
Bf2 48. Kc6 Bg1 49. Kb5 Bf2 50. b4 Be1 51. Kxb6 Bxb4 52. Kb5 Be1 53. Bf1 Bb4 54.
Bc4 Be1 1/2-1/2

[Event "Druzynowe Mistrzostwa Polski Juniorow - Ekstraliga Juniorow 2019"]
[Site "DW Globus Ustron Jaszowiec ul. Turystyczna 6"]
[Date "1899-12-30"]
[Round "4.2"]
[White "Mis, Mieszko"]
[Black "Malicka, Maria"]
[Result "0-1"]
[WhiteTitle "FM"]
[BlackTitle "WCM"]
[WhiteElo "2284"]
[BlackElo "2115"]

1. d4 Nf6 2. c4 e6 3. g3 d5 4. Bg2 Be7 5. Nf3 O-O 6. O-O dxc4 7. Ne5 Nc6 8. Nxc6
bxc6 9. Na3 Bxa3 10. bxa3 Ba6 11. Qd2 Rb8 12. Qa5 Qc8 13. a4 Rd8 14. Ba3 Rxd4
15. Bc5 Rd5 16. Rab1 Ra8 17. Qb4 Nd7 18. Be3 Nb6 19. Bxd5 cxd5 20. Rfd1 Nd7 21.
Bc5 d4 22. Rbc1 e5 23. e3 d3 24. Rxc4 Rb8 25. Qc3 Bxc4 26. Qxc4 Nxc5 27. Qxc5
e4 28. Qxa7 c5 29. Qa5 c4 30. Qc3 Qc5 31. Rc1 Qb4 32. Qe5 d2 33. Rf1 c3 34. a3
Qb3 35. Qd6 Qb6 36. Qd5 Rd8 37. Qh5 c2 0-1

[Event "Druzynowe Mistrzostwa Polski Juniorow - Ekstraliga Juniorow 2019"]
[Site "DW Globus Ustron Jaszowiec ul. Turystyczna 6"]
[Date "1899-12-30"]
[Round "4.3"]
[White "Iwaszkiewicz, Krzysztof"]
[Black "Chyzy, Jakub"]
[Result "0-1"]
[WhiteTitle "I"]
[BlackTitle "k"]
[WhiteElo "1770"]
[BlackElo "2093"]

1. d4 d6 2. Bf4 Nd7 3. Nf3 g6 4. e3 Bg7 5. h3 e5 6. Bh2 Ne7 7. Be2 O-O 8. c3 Nc6
9. Na3 Qe7 10. Qb3 Nb6 11. d5 Nb8 12. Nd2 N8d7 13. e4 f5 14. Qc2 Nc5 15. b4 Nxe4
16. Nxe4 fxe4 17. Qxe4 Bf5 18. Qe3 Nxd5 19. Qd2 Be6 20. O-O Nf4 21. Bf3 Nxh3+
22. Kh1 Ng5 23. Bxb7 Rab8 24. Ba6 Ne4 25. Qe3 Nf6 26. Be2 Nd5 27. Qd2 Nf4 28.
Bf3 g5 29. Nc2 g4 30. Be4 d5 31. Bxf4 dxe4 32. Bg3 Bc4 33. Rfe1 Bd3 34. Ne3 h5
35. Kg1 Bh6 36. Qd1 Rbd8 37. Qb3+ Kh7 38. Nd5 Qf7 39. Ne3 Qg7 40. Qa4 a6 41. Qa5
Rde8 42. Rad1 Bg5 43. Qd5 h4 44. Bh2 Bxe3 45. Rxe3 Qf6 46. Kh1 Qxf2 47. Rexd3
exd3 48. Qxd3+ Qf5 49. Qxa6 g3 50. Bg1 h3 51. Qc6 hxg2+ 52. Kxg2 Qc2+ 53. Kh3
Qxd1 54. Qxc7+ Kh8 0-1

[Event "Druzynowe Mistrzostwa Polski Juniorow - Ekstraliga Juniorow 2019"]
[Site "DW Globus Ustron Jaszowiec ul. Turystyczna 6"]
[Date "1899-12-30"]
[Round "4.4"]
[White "Czernek, Tymon"]
[Black "Klim, Filip"]
[Result "1-0"]
[WhiteTitle "I++"]
[BlackTitle "I"]
[WhiteElo "2003"]
[BlackElo "1557"]

1. e4 e5 2. Nf3 Nc6 3. Bc4 Bc5 4. c3 Nf6 5. d4 exd4 6. e5 d5 7. Bb5 Ne4 8. cxd4
Bb6 9. Nc3 Nxc3 10. bxc3 Bd7 11. Ba3 Ne7 12. Bd3 h6 13. O-O O-O 14. Nh4 Rc8 15.
Bc2 Bb5 16. Re1 c5 17. Rb1 Qd7 18. Qh5 Ba4 19. Bxa4 Qxa4 20. Bxc5 Bxc5 21. dxc5
Rxc5 22. Rxb7 Rxc3 23. e6 Qe4 24. Nf3 Qg6 25. Qxg6 Nxg6 26. e7 Re8 27. Rxa7 Nf4
28. Nd4 Ne6 29. Nb5 Rc6 30. Rd7 Kh7 31. Nd6 Nc5 32. Nxe8 Nxd7 33. Nxg7 Nf6 34.
e8=Q Nxe8 35. Nxe8 Kg8 36. g3 Kf8 37. Kg2 d4 38. a4 d3 39. Rd1 Kxe8 40. Rxd3 Ra6
41. Ra3 Ra5 42. Kf3 Ke7 43. Ke4 Kd6 44. Kd4 Kc6 45. Kc4 Kb6 46. Kb4 Rd5 47. Rf3
f5 48. Rf4 Re5 49. Rh4 Re6 50. a5+ Ka6 51. Kc5 Kxa5 52. Kd5 Re2 53. Rf4 1-0

[Event "Druzynowe Mistrzostwa Polski Juniorow - Ekstraliga Juniorow 2019"]
[Site "DW Globus Ustron Jaszowiec ul. Turystyczna 6"]
[Date "1899-12-30"]
[Round "4.5"]
[White "Kaczmarska, Joanna"]
[Black "Swiech, Joanna"]
[Result "1/2-1/2"]
[WhiteTitle "k+"]
[BlackTitle "k"]
[WhiteElo "2010"]
[BlackElo "1879"]

1. d4 d5 2. c4 e6 3. Nc3 Be7 4. Nf3 Nf6 5. Bg5 c6 6. e3 h6 7. Bh4 Nbd7 8. Bd3 b6
9. cxd5 exd5 10. O-O O-O 11. Rc1 Bb7 12. Qc2 Re8 13. Rfe1 Ne4 14. Bxe4 Bxh4 15.
Bh7+ Kh8 16. Nxh4 Qxh4 17. Bf5 Nf8 18. f3 Rad8 19. Qf2 Qxf2+ 20. Kxf2 g6 21. Bd3
Kg7 22. b4 Ne6 23. Na4 Rc8 24. Rc3 Rc7 25. Rec1 Rec8 26. g4 Kf6 27. f4 Rg8 28.
h4 Rcc8 29. Kg3 Rce8 30. Nb2 b5 31. Bb1 Nf8 32. a4 a6 33. a5 Nd7 34. Nd1 Kg7 35.
Nf2 f5 36. g5 h5 37. Kf3 Re6 38. Nh1 Rf8 39. Ng3 Nb8 40. Bd3 Re7 41. Bxf5 Rxf5
42. Nxf5+ gxf5 43. g6 Kh6 44. Rg1 Rg7 45. Rg5 Bc8 46. Ke2 Be6 47. Rc1 Rxg6 48.
Rcg1 Rxg5 49. fxg5+ Kg6 50. Kf3 Bc8 51. Kf4 Nd7 52. Rc1 Bb7 53. Rc2 Ba8 54. Rc1
Bb7 55. e4 fxe4 56. Ke3 Ba8 57. Rf1 Bb7 58. Rf4 Ba8 1/2-1/2

[Event "Druzynowe Mistrzostwa Polski Juniorow - Ekstraliga Juniorow 2019"]
[Site "DW Globus Ustron Jaszowiec ul. Turystyczna 6"]
[Date "1899-12-30"]
[Round "4.6"]
[White "Wikar, Martyna"]
[Black "Kandula, Jasmina"]
[Result "1-0"]
[WhiteTitle "k+"]
[BlackTitle "II+"]
[WhiteElo "2020"]
[BlackElo "1040"]

1. Nf3 Nf6 2. g3 d5 3. Bg2 Nc6 4. d4 e6 5. O-O Bd6 6. c4 O-O 7. Nc3 dxc4 8. e4
e5 9. d5 Ne7 10. Qe2 Bb4 11. Nxe5 Bxc3 12. bxc3 b5 13. a4 a6 14. axb5 Bb7 15.
Nc6 Bxc6 16. bxc6 Ng6 17. Qxc4 a5 18. f4 Re8 19. e5 Ng4 20. h3 Nh6 21. Ba3 Nf5
22. Qd3 Nfe7 23. Rad1 Qb8 24. Rb1 Qa7+ 25. Kh2 Rab8 26. d6 Nc8 27. d7 Rd8 28.
Rxb8 Qxb8 29. dxc8=Q Qxc8 30. Qe3 h6 31. f5 Nf8 32. Bxf8 Rxf8 33. f6 gxf6 34.
Qxh6 a4 35. exf6 a3 36. Qg7# 1-0

[Event "Druzynowe Mistrzostwa Polski Juniorow - Ekstraliga Juniorow 2019"]
[Site "DW Globus Ustron Jaszowiec ul. Turystyczna 6"]
[Date "1899-12-30"]
[Round "4.7"]
[White "Nowak, Mikolaj"]
[Black "Czechowski, Jakub"]
[Result "1-0"]
[WhiteTitle "I++"]
[BlackTitle "I+"]
[WhiteElo "2230"]
[BlackElo "1922"]

1. d4 Nf6 2. c4 g6 3. Nc3 Bg7 4. g3 O-O 5. Bg2 d6 6. Nf3 c5 7. d5 e5 8. h4 a6 9.
Bg5 h5 10. Nd2 Qc7 11. e4 Nh7 12. Bh3 Bxh3 13. Rxh3 f6 14. Be3 f5 15. Bg5 f4 16.
Qe2 Qd7 17. Rh1 Bf6 18. gxf4 exf4 19. Bxf6 Nxf6 20. e5 dxe5 21. O-O-O Qe8 22.
Nf3 Nbd7 23. Ng5 Rb8 24. Ne6 Rf7 25. Rdg1 Rh7 26. Qc2 Rh6 27. Rg5 b5 28. Rhg1
Kh7 29. Nc7 Qf7 30. Nxa6 Rb6 31. cxb5 Nxd5 32. Nxd5 Qxd5 33. Rd1 Qf7 34. Nxc5
Nxc5 35. Qxc5 Rb7 36. Kb1 Ra7 37. Qd5 1-0

[Event "Druzynowe Mistrzostwa Polski Juniorow - Ekstraliga Juniorow 2019"]
[Site "DW Globus Ustron Jaszowiec ul. Turystyczna 6"]
[Date "1899-12-30"]
[Round "4.8"]
[White "Koziorowicz, Michal"]
[Black "Posluszny, Tomasz"]
[Result "1-0"]
[WhiteTitle "I++"]
[BlackTitle "I+"]
[WhiteElo "1985"]
[BlackElo "1888"]

1. e4 c5 2. Nf3 d6 3. d4 cxd4 4. Nxd4 Nf6 5. Nc3 a6 6. Be3 e5 7. Nb3 Be6 8. f3
h5 9. Qd2 Nbd7 10. Nd5 Bxd5 11. exd5 g6 12. c4 Rc8 13. Bd3 Bg7 14. O-O O-O 15.
Qf2 b6 16. Bg5 Ne4 17. fxe4 Qxg5 18. Qe2 Bh6 19. Rf3 Kh7 20. Raf1 Qe7 21. c5 Nxc5
22. Nxc5 Rxc5 23. Bxa6 Qc7 24. Bd3 Rc1 25. g3 Qc5+ 26. Kg2 Rxf1 27. Qxf1 Kg7 28.
a3 Qd4 29. b4 f5 30. Qe2 fxe4 31. Bxe4 Rxf3 32. Kxf3 Qd2 33. Qxd2 Bxd2 34. Ke2
Bc1 35. a4 Ba3 36. a5 bxa5 37. bxa5 h4 38. gxh4 Kh6 39. Bf3 Bc5 40. Kd3 Bg1 41.
a6 Bc5 42. Kc4 g5 43. h5 e4 44. Bg4 Kg7 45. Kb5 Kf6 46. Kc6 Ke5 47. h3 e3 48.
Kb7 Kxd5 49. h6 e2 50. Bxe2 Ke6 51. h7 1-0

[Event "Druzynowe Mistrzostwa Polski Juniorow - Ekstraliga Juniorow 2019"]
[Site "DW Globus Ustron Jaszowiec ul. Turystyczna 6"]
[Date "1899-12-30"]
[Round "4.9"]
[White "Seemann, Jakub"]
[Black "Dzida, Kamil"]
[Result "1-0"]
[WhiteTitle "I+"]
[BlackTitle "I++"]
[WhiteElo "2017"]
[BlackElo "1987"]

1. e4 e5 2. Nf3 Nc6 3. Bb5 Nf6 4. O-O Nxe4 5. d4 Nd6 6. Bxc6 dxc6 7. dxe5 Nf5 8.
Qxd8+ Kxd8 9. h3 h6 10. Nc3 Bd7 11. b3 Kc8 12. Bb2 b6 13. Rad1 Ne7 14. Rd2 c5
15. Rfd1 Be6 16. Ne2 g5 17. h4 g4 18. Ne1 h5 19. Rd8+ Kb7 20. Rxa8 Kxa8 21. Nf4
Nc6 22. Nxe6 fxe6 23. Rd7 Kb7 24. Nd3 Bh6 25. Kh2 Kc8 26. Rf7 Kd8 27. Kg3 Ne7
28. Bc1 Bxc1 29. Nxc1 Nf5+ 30. Kh2 Nxh4 31. Nd3 Ng6 32. Rf6 Nf8 33. Kg3 Ke7 34.
Nf4 Rg8 35. Kh4 Nd7 36. Rxe6+ Kf7 37. Rc6 Nxe5 38. Rxc7+ Kf6 39. Nxh5+ Kf5 40.
Ng3+ Kf4 41. Ne2+ Ke4 42. Rxa7 Rd8 43. Ng3+ Kf4 44. Ne2+ Kf5 45. Rb7 Rd2 46. Ng3+
Kf4 47. Rxb6 Nd7 48. Rb7 Ne5 49. Rb6 Nd7 50. Re6 1-0

[Event "Druzynowe Mistrzostwa Polski Juniorow - Ekstraliga Juniorow 2019"]
[Site "DW Globus Ustron Jaszowiec ul. Turystyczna 6"]
[Date "1899-12-30"]
[Round "4.10"]
[White "Wysocki, Mateusz"]
[Black "Oleksy, Krzysztof"]
[Result "1/2-1/2"]
[WhiteTitle "I"]
[BlackTitle "I"]
[WhiteElo "1634"]
[BlackElo "1878"]

1. e4 e5 2. Nf3 Nc6 3. Bb5 a6 4. Ba4 d6 5. O-O Bd7 6. c3 g6 7. d4 Bg7 8. Be3 Nf6
9. dxe5 dxe5 10. Nbd2 O-O 11. Qc2 Re8 12. h3 Qe7 13. b4 b6 14. a3 h6 15. Rfd1
Rad8 16. Rac1 Nh5 17. Bb3 Nf4 18. Nf1 Qf6 19. N1h2 h5 20. Rd2 Bc8 21. Rcd1 Rxd2
22. Rxd2 Rd8 23. h4 Rxd2 24. Qxd2 Ne6 25. Ng5 Nxg5 26. Bxg5 Qd6 27. Nf1 Qxd2 28.
Bxd2 Kf8 29. Ne3 Bh6 30. Nc4 Bxd2 31. Nxd2 Ke7 32. Kf1 Nd8 33. Ke2 Be6 34. Ke3
Bxb3 35. Nxb3 Ke6 36. f4 f6 37. g3 Nf7 38. Nd2 Nd6 39. fxe5 fxe5 40. Kd3 c6 41.
c4 b5 42. c5 Nb7 43. Nf3 Kf6 44. Ng5 Nd8 45. Ke3 Ne6 46. Nxe6 1/2-1/2

[Event "Druzynowe Mistrzostwa Polski Juniorow - Ekstraliga Juniorow 2019"]
[Site "DW Globus Ustron Jaszowiec ul. Turystyczna 6"]
[Date "1899-12-30"]
[Round "4.11"]
[White "Kucharska, Honorata"]
[Black "Raczykowska, Paulina"]
[Result "1-0"]
[WhiteTitle "WFM"]
[BlackTitle "k"]
[WhiteElo "2054"]
[BlackElo "1893"]

1. e4 e5 2. Nf3 Nc6 3. Bb5 a6 4. Ba4 Nf6 5. O-O b5 6. Bb3 Be7 7. d4 exd4 8. e5
Ne4 9. Bd5 Nc5 10. Nxd4 Bb7 11. Nf5 O-O 12. Qg4 g6 13. Nh6+ Kg7 14. Qg3 Nd4 15.
Qe3 Nxc2 16. Qd2 Bxd5 17. Qxc2 Ne6 18. Ng4 Kh8 19. b3 d6 20. exd6 cxd6 21. Bb2+
f6 22. Nc3 Rc8 23. Qd2 Bb7 24. Rae1 Ng7 25. Nd5 Bxd5 26. Qxd5 Rc2 27. Ba1 Rxa2
28. Nh6 Qe8 29. Qb7 Rxa1 30. Rxa1 Nf5 31. Nxf5 gxf5 32. Rfe1 Rf7 33. Qd5 Qg8 34.
Rxa6 Bf8 35. Ra8 Qg6 36. Rb8 h5 37. Rxb5 Rg7 38. g3 h4 39. Qxf5 hxg3 40. hxg3
Qxf5 41. Rxf5 Rf7 42. Rb1 Kg7 43. b4 Rb7 44. b5 Be7 45. Kg2 Kf7 46. g4 Bd8 47.
Kf3 Rb8 48. Rh5 Ba5 49. Ke4 Bb6 50. f4 Rc8 51. Kd5 Be3 52. f5 Rg8 53. Rh7+ Ke8
54. Ra1 Bb6 55. Ra8+ Bd8 56. Ke4 1-0

[Event "Druzynowe Mistrzostwa Polski Juniorow - Ekstraliga Juniorow 2019"]
[Site "DW Globus Ustron Jaszowiec ul. Turystyczna 6"]
[Date "1899-12-30"]
[Round "4.12"]
[White "Siekanska, Maria"]
[Black "Kucharska, Helena"]
[Result "0-1"]
[WhiteTitle "I++"]
[BlackTitle "I"]
[WhiteElo "1559"]
[BlackElo "1543"]

1. d4 Nf6 2. c4 e5 3. dxe5 Ng4 4. Bf4 g5 5. Bg3 Bg7 6. Nf3 Nc6 7. Nc3 Ngxe5 8.
Nxe5 Nxe5 9. e3 d6 10. Be2 Be6 11. O-O O-O 12. Bxe5 Bxe5 13. Qc2 f5 14. Rad1 Kh8
15. f4 Bg7 16. Nb5 g4 17. Nd4 Bd7 18. e4 fxe4 19. Qxe4 Re8 20. Qd3 c5 21. Nb5
Bxb5 22. cxb5 Bd4+ 23. Kh1 Qh4 24. Qc4 Re4 25. Bd3 Re7 26. Bc2 Qf6 27. b4 Rae8
28. bxc5 dxc5 29. Ba4 b6 30. Bc2 Re3 31. Qa4 Qh6 32. Qxa7 g3 33. h3 Re2 34. Qd7
Qg7 35. Qf5 Qb7 36. Rg1 Bxg1 37. Rxg1 Re1 38. Bd3 Rxg1+ 39. Kxg1 Re1+ 40. Bf1
Qe7 41. Qc8+ Qe8 42. Qxe8+ Rxe8 43. a4 Re1 0-1

[Event "Druzynowe Mistrzostwa Polski Juniorow - Ekstraliga Juniorow 2019"]
[Site "DW Globus Ustron Jaszowiec ul. Turystyczna 6"]
[Date "1899-12-30"]
[Round "4.13"]
[White "Polczyk, Mikolaj"]
[Black "Gazik, Viktor"]
[Result "0-1"]
[WhiteTitle "k"]
[BlackTitle "IM"]
[WhiteElo "2182"]
[BlackElo "2520"]

1. Nf3 g6 2. g3 Bg7 3. d4 f5 4. c4 Nf6 5. Bg2 O-O 6. O-O d6 7. Nc3 Qe8 8. Nd5 Nxd5
9. cxd5 a5 10. a4 Na6 11. Ng5 h6 12. Ne6 Bxe6 13. dxe6 c6 14. d5 Nb4 15. e4 cxd5
16. exd5 h5 17. Bd2 Nd3 18. Bc3 Nxb2 19. Bxb2 Bxb2 20. Rb1 Bf6 21. Rxb7 Rb8 22.
Rxb8 Qxb8 23. Qd2 Kg7 24. Qxa5 Qb2 25. Qa7 h4 26. a5 Rb8 27. a6 Rb3 28. Qd7 hxg3
29. hxg3 Qd4 30. a7 Ra3 31. Qe8 Rxa7 32. Qf7+ Kh6 33. Bf3 Ra3 34. Qf8+ Kg5 35.
Rd1 Qa4 36. Be2 f4 37. Qc8 fxg3 38. Qc1+ Qf4 39. fxg3 Rxg3+ 40. Kh2 Re3+ 41. Kg2
Rxe2+ 0-1

[Event "Druzynowe Mistrzostwa Polski Juniorow - Ekstraliga Juniorow 2019"]
[Site "DW Globus Ustron Jaszowiec ul. Turystyczna 6"]
[Date "1899-12-30"]
[Round "4.14"]
[White "Godzwon, Iwo"]
[Black "Panek, Bartosz"]
[Result "1-0"]
[WhiteTitle "FM"]
[BlackTitle "I"]
[WhiteElo "2285"]
[BlackElo "2033"]

1. c4 e5 2. g3 Nf6 3. Bg2 c6 4. Nf3 e4 5. Nd4 d5 6. d3 Bb4+ 7. Nc3 exd3 8. Qxd3
O-O 9. O-O Be6 10. Nxe6 fxe6 11. a3 Bd6 12. e4 Be5 13. exd5 exd5 14. cxd5 Bxc3
15. bxc3 Nxd5 16. Rd1 Qf6 17. Bxd5+ cxd5 18. Qxd5+ Kh8 19. Qd4 Qxd4 20. cxd4 Na6
21. Bf4 Rad8 22. Be5 Rd5 23. Rdc1 Kg8 24. f4 Kf7 25. Kf2 g6 26. Ke3 Rfd8 27. Ke4
Ke7 28. g4 Ra5 29. f5 gxf5+ 30. gxf5 Rg8 31. Rg1 Rxg1 32. Rxg1 Rxa3 33. Rg7+ Ke8
34. f6 1-0

[Event "Druzynowe Mistrzostwa Polski Juniorow - Ekstraliga Juniorow 2019"]
[Site "DW Globus Ustron Jaszowiec ul. Turystyczna 6"]
[Date "1899-12-30"]
[Round "4.15"]
[White "Jeda, Maciej"]
[Black "Turski, Bartlomiej"]
[Result "1-0"]
[WhiteTitle "I"]
[BlackTitle "I"]
[WhiteElo "1798"]
[BlackElo "1967"]

1. e4 c5 2. Nf3 Nc6 3. d4 cxd4 4. Nxd4 Nf6 5. Nc3 d6 6. Bg5 e6 7. Qd2 a6 8. O-O-O
Bd7 9. f4 b5 10. Bxf6 gxf6 11. Kb1 Qb6 12. Nxc6 Bxc6 13. Qe1 Ra7 14. Bd3 b4 15.
Ne2 a5 16. Qh4 Be7 17. f5 e5 18. Bc4 a4 19. Rhe1 Qc5 20. b3 Qa5 21. Rd2 Rc7 22.
Ng3 Bd7 23. Red1 axb3 24. cxb3 h5 25. Nxh5 Kf8 26. Qg4 Rg8 27. Qe2 Bc6 28. Ng3
Bb7 29. Qh5 Rxc4 30. bxc4 Ke8 31. Qf3 Kd7 32. Nh5 Ra8 33. Ng3 Bc6 34. Rb2 Ra7
35. h4 b3 36. axb3 Qb4 37. h5 Ra3 38. Kc2 Ba4 39. Qc3 Qc5 40. h6 Bf8 41. h7 Bg7
42. Rd5 Qf2+ 43. Rd2 Qc5 44. Nf1 Bc6 45. Qd3 Kc7 46. Ne3 Ra1 47. Nd5+ Kb7 48.
Rd1 Ra3 49. Ne7 Qf2+ 50. Rd2 Qg1 51. Nxc6 Ra1 52. b4 Qb6 53. Na5+ Kc7 54. c5 dxc5
55. Qd8# 1-0

[Event "Druzynowe Mistrzostwa Polski Juniorow - Ekstraliga Juniorow 2019"]
[Site "DW Globus Ustron Jaszowiec ul. Turystyczna 6"]
[Date "1899-12-30"]
[Round "4.16"]
[White "Bogusz, Alan"]
[Black "Piechota, Kamil"]
[Result "0-1"]
[WhiteTitle "I"]
[BlackTitle "I"]
[WhiteElo "1730"]
[BlackElo "1641"]

1. e4 e5 2. Nf3 Nc6 3. Bb5 a6 4. Ba4 Nge7 5. d4 exd4 6. Nxd4 Nxd4 7. Qxd4 b5 8.
Bb3 d6 9. Bg5 c5 10. Bxe7 Qxe7 11. Qd3 c4 12. Bxc4 bxc4 13. Qxc4 Bb7 14. Nc3 Qd7
15. O-O Be7 16. Rad1 Qc8 17. Qe2 O-O 18. Nd5 Bxd5 19. Rxd5 Qb7 20. b3 Rac8 21.
c4 Rc5 22. Rfd1 Rfc8 23. h3 Rxd5 24. exd5 Bf6 25. f4 Qd7 26. Re1 Rd8 27. Qe4 g6
28. Re2 Kf8 29. Kf2 Re8 30. Qxe8+ Qxe8 31. Rxe8+ Kxe8 32. Ke3 Bc3 33. Kd3 Bb4
34. g4 f5 35. Ke3 Kf7 36. Kf3 h5 37. g5 Ke7 38. Ke3 Kd7 39. Kd3 Kc7 40. Kc2 Bc5
41. Kd3 Kb6 42. a4 Ka5 0-1

[Event "Druzynowe Mistrzostwa Polski Juniorow - Ekstraliga Juniorow 2019"]
[Site "DW Globus Ustron Jaszowiec ul. Turystyczna 6"]
[Date "1899-12-30"]
[Round "4.17"]
[White "Bilczewska, Olga"]
[Black "Jarocka, Liwia"]
[Result "1-0"]
[WhiteTitle "I++"]
[BlackTitle "FM"]
[WhiteElo "1691"]
[BlackElo "2102"]

1. e4 d5 2. exd5 Qxd5 3. Nc3 Qd8 4. d4 Nf6 5. Nf3 g6 6. Bc4 Bg7 7. O-O O-O 8. Be3
Nc6 9. h3 b6 10. Qd2 Bb7 11. Rad1 e6 12. Bh6 Ne7 13. Bxg7 Kxg7 14. Ne5 a6 15.
Be2 Qd6 16. a3 Rfd8 17. Bf3 Bxf3 18. Nxf3 b5 19. b4 Ned5 20. Nxd5 Nxd5 21. Ne5
f6 22. Nd3 Nb6 23. Nc5 Nd7 24. Nb7 Qd5 25. Nxd8 Rxd8 26. Qc3 c6 27. Rfe1 Kf7 28.
Qg3 Rc8 29. Qe3 Nf8 30. Qc3 Rc7 31. Rd2 Rd7 32. Red1 Rc7 33. Qg3 Rc8 34. Rd3 Nd7
35. Qh4 h5 36. Qf4 g5 37. Qg3 Nb6 38. h4 g4 39. Qf4 Nc4 40. Re1 Kg7 41. f3 gxf3
42. Rxf3 Rf8 43. Rg3+ Kf7 44. Qc7+ Ke8 45. Qb8+ Kf7 46. Qa7+ Ke8 47. Rg7 1-0

[Event "Druzynowe Mistrzostwa Polski Juniorow - Ekstraliga Juniorow 2019"]
[Site "DW Globus Ustron Jaszowiec ul. Turystyczna 6"]
[Date "1899-12-30"]
[Round "4.18"]
[White "Hertlein, Irena"]
[Black "Bugaj, Hanna"]
[Result "1-0"]
[WhiteTitle "I++"]
[BlackTitle "I"]
[WhiteElo "1612"]
[BlackElo "1566"]

1. d4 Nf6 2. Nf3 d5 3. Bf4 c5 4. e3 Nc6 5. c3 e6 6. Bd3 Bd6 7. Bg3 O-O 8. Nbd2
cxd4 9. exd4 Qe7 10. Ne5 Bd7 11. f4 Rfc8 12. O-O Be8 13. Bh4 Qd8 14. Rf3 g6 15.
Rh3 Bf8 16. Bg5 Bg7 17. Qe1 Ne7 18. Qh4 Nf5 19. Bxf5 exf5 20. Bxf6 Qxf6 21. Qxh7+
Kf8 22. Re1 Bb5 23. Ndf3 Re8 24. Ng5 Re7 25. Rhe3 Rae8 26. Kf2 a6 27. Ngxf7 Re6
28. Ng5 Rd6 29. Ngf3 Rde6 30. Nh4 Ke7 31. Nexg6+ Kd6 32. Qxg7 Qxg7 33. Nxf5+ Kc7
34. Nxg7 Rxg6 35. Nxe8+ Bxe8 36. Rxe8 1-0